00250 a2200121 4500001000700000020001800007040001100025100001500036240003300051245002800084300000700112362000900119161893 a84-87099-11-4 cMagnum aSans, Neus10aLa llamada de la habanalESP10aLa llamada de la habana a440 a1998